000 01099cam a22003617a 4500
003 CHAP
005 20220329133131.0
008 971013s1991 r 00010 d
010 _a2540
011 _a3512
020 _a9682701201
035 _a2712
040 _cCHAP
082 0 4 _a301.427
_bS3 1980
100 0 0 _aSánchez Azcona, Jorge.
_9107346
245 1 0 _aFamilia y sociedad
_c/por Jorge Sánchez Azcona
250 _a3 ed.
260 _aMéxico, D.F. :
_bJoaquín Mortiz,
_c1980.
300 _a98 p.
490 0 _aCuadernos de Joaquín Mortiz
590 _aBATCH-UPD
_b10
_c20130110
_lUCH01
_h1004
590 _aBATCH-UPD
_b10
_c20130410
_lUCH01
_h0614
590 _aBATCH-UPD
_b10
_c20130914
_lUCH01
_h1235
590 _aCONVERSION
_b10
_c20130109
_lUCH01
_h1303
650 1 4 _aFamilia.
_939405
650 1 4 _aSociedades.
_9108114
650 2 4 _aEducación.
_935409
830 0 _aCuadernos de Joaquín Mortiz
_929794
901 _aBK
905 _aGuadalupe Pinto C.
942 _cLIBRO
949 _a301.427 S3 1980
_bBC
_cLIBRO
_d33724000697090
_eLIBRO
_h78829
_i2712
_mSust. a 371.3 A84Y
_si
999 _c2540
_d2540